000
00207nam a22000857a 4500
008
170216b xxu||||| |||| 00| 0 eng d
100
_9
2892
_a
Goel.D.K
245
_a
Accountancy XII A
260
_a
New Delhi
_b
AP
_c
2012
999
_c
6121
_d
6121